000 01092nam0a2200265 4500
001 RU\NLR\BIBL_A\011165301
005 20250625212305.0
035 _a(NLR Aleph) 011165301
090 _a11738530
_c11738530
100 _a20160623d1551 |||y0rusy50 ca
101 0 _arus
102 _aRU
200 1 _a[Ordinatio ecclesiae, seu ministerii ecclesiastici, in florentissimo Regno Angliæ, conscripta sermone patrio, & in Latinam linguam bona fide conversa & ad consolationem ecclesiarum Christi, ubicunque locorum ac genitium, his tristissimis temporibus,
_fedita ab Alexandro Alesio Scoto Sacrae Theologiae Doctore]
210 _a[Lipsiae (Leipzig)
_cin officina Wolfgangi Gunteri
_d1551]
215 _a[7], 66 л.
_cтабл.
_d4° (19 см)
307 _aГрав. инициал
316 _aЭкз. деф.: нет тит. л.; утрач. часть текста на л. [1-7], 66
_516.177.3.16
620 _dLeipzig
700 1 _aAlesius
_bA.
_f1500-1565
_gAlexander
_4070
702 1 _aGunter
852 _aNLR
_j16.177.3.16
942 _cBOOK
980 _aNB
980 _ain16